000 00800nam a2200313Ia 4500
001 Z_5092
003 CHAP
008 220113s2003 xx 000 0 und d
010 _a168149
040 _cCHAP
082 _a510 K7y
100 1 _aKreyszig, Erwin
_963918
245 _aMatemáticas avanzadas para ingeniería /
_cpor Erwin Kreyszig
260 _aMéxico, D. F. :
_bLimusa Wiley,
_c2003
300 _a2v.
440 _a
500 _atrad. De : Advanced engineering mathematics
503 _aC/E
650 _aAlgebra lineal
_982392
650 _aEcuaciones diferenciales
_935306
650 _aMatemáticas
_972901
650 _aTransformaciones de Laplace
_9114622
901 _a510 K7y
902 _aA
910 _a2003
942 _c1
942 _cc1
999 _c168149
_d168149